| 000 | 00439nam a2200133Ia 4500 | ||
|---|---|---|---|
| 008 | 180925s9999 xx 000 0 und d | ||
| 020 | _a9780702074264 | ||
| 100 | _aAustin, Zubin. | ||
| 245 |
_cZubin Austin, Jane Sutton.-- _aResearch methods in pharmacy practice: _bmethods and applications made easy / |
||
| 260 |
_aUSA : _bElsevier _c2019 |
||
| 300 | _aix, 242 pages. | ||
| 650 | _aPharmacy -- practice. | ||
| 650 | _aPharmacy -- research. | ||
| 999 |
_c358854 _d358854 |
||